US States Quiz But the Wrong State Lights Up - Statistics

General Stats
  • This quiz has been taken 495 times
  • The average score is 47 of 50
Answers on the Map
Answers color-coded by a green-red scale on the quiz's map according to % correct below.
 
Answer Stats
State % Correct
Alaska
97%
Florida
97%
Ohio
97%
Texas
97%
California
96%
Hawaii
96%
Idaho
96%
New Mexico
96%
New York
96%
Washington
96%
Alabama
95%
Arizona
95%
Maine
95%
Michigan
95%
Montana
95%
Nevada
95%
North Carolina
95%
North Dakota
95%
South Dakota
95%
Arkansas
94%
Colorado
94%
Connecticut
94%
Georgia
94%
Illinois
94%
Louisiana
94%
New Hampshire
94%
Oklahoma
94%
Oregon
94%
Rhode Island
94%
South Carolina
94%
Tennessee
94%
Utah
94%
Vermont
94%
Virginia
94%
Delaware
93%
Iowa
93%
Kansas
93%
Minnesota
93%
Mississippi
93%
New Jersey
93%
Pennsylvania
93%
West Virginia
93%
Wyoming
93%
Indiana
92%
Kentucky
92%
Maryland
92%
Missouri
92%
Wisconsin
92%
Massachusetts
91%
Nebraska
91%
No matching quizzes found
Score Distribution
Percent of People with Each Score
Percentile by Number Answered
Your Score History
You have not taken this quiz